TRIBUS DEL SAHARA LAS (Record no. 55265)
[ view plain ]
| 000 -CABECERA | |
|---|---|
| campo de control de longitud fija | 00461nam a2200181Ia 4500 |
| 001 - NÚMERO DE CONTROL | |
| campo de control | 9306 |
| 005 - FECHA Y HORA DE LA ÚLTIMA TRANSACCIÓN | |
| campo de control | 20260407084141.0 |
| 008 - CÓDIGOS DE INFORMACIÓN DE LONGITUD FIJA | |
| campo de control de longitud fija | 260115s9999 xx 000 0 und d |
| 010 ## - NÚMERO DE CONTROL DE LA BIBLIOTECA DEL CONGRESO | |
| Número de control de LC | 55265 |
| 035 ## - NÚMERO DE CONTROL DEL SISTEMA | |
| Número de control de sistema | 7439 |
| 090 ## - LOCALMENTE ASIGNADO TIPO-LC NÚMERO DE CLASIFICACIÓN (OCLC); NÚMERO DE CLASIFICACIÓN LOCAL (RLIN) | |
| Número de clasificación (OCLC) (R) ; Numero de clasificación CALL (RLIN) (NR) | 9(46-648) |
| 100 ## - PUNTO DE ACCESO PRINCIPAL - NOMBRE DE PERSONA | |
| Nombre de persona | ALONSO DEL BARRIO JOSE E. |
| 245 #0 - MENCIÓN DE TÍTULO | |
| Título | TRIBUS DEL SAHARA LAS |
| 260 ## - PUBLICACIÓN, DISTRIBUCIÓN, ETC. (PIE DE IMPRENTA) | |
| Lugar de publicación distribución etc. | SAHARA |
| Nombre del editor distribuidor etc. | GOBIERNO GENERAL DEL SAHARA |
| Fecha de publicación distribución etc. | 1973 |
| 630 ## - PUNTO DE ACCESO ADICIONAL DE MATERIA--TÍTULO UNIFORME | |
| Título uniforme | HISTORIA GENERAL |
| 650 ## - PUNTO DE ACCESO ADICIONAL DE MATERIA--TÉRMINO DE MATERIA | |
| Término de materia o nombre geográfico como elemento inicial | HISTORIA DE ESPAÑA IFNI SAHARA |
| 942 ## - ELEMENTOS DE PUNTO DE ACCESO ADICIONAL (KOHA) | |
| Tipo de ítem Koha | Monografías |
| Estado de retiro | Estado de pérdida | Estado dañado | No para préstamo | Código de colección | Localización permanente | Ubicación/localización actual | Ubicación en estantería | Fecha de adquisición | Enumeración/cronología de publicación seriada | Número de inventario | Número de registro | Total de préstamos | Signatura topográfica completa | Código de barras | Fecha visto por última vez | Número de copia | Precio válido a partir de | Tipo de ítem Koha | Nota pública |
|---|---|---|---|---|---|---|---|---|---|---|---|---|---|---|---|---|---|---|---|
| Servicio de Estudios Históricos | Servicio de Estudios Históricos | 9(46-648) | 10120 | 10120 | 7439 | FH_9306 | 05/02/2026 | 1 | 05/02/2026 | Monografías | 17X25 CM, 180 PG, SAHARA |
